Návrh opatrení na zlepšenie využitia osobnej komunikácie v marketingovej praxi Slovak Telekom, a.s. = The suggestion of steps for better personal communications using in the marketing practice of Slovak Telekom : Bakalárska práca

Gespeichert in:
Bibliographische Detailangaben
1. Verfasser: Bajgart, Václav (Verfasst von)
Weitere Verfasser: Molnárová, Dagmar (xxx)
Format: Manuskript Buch
Sprache:Slowakisch
Veröffentlicht: Trnava : STU v Bratislave MTF UPMK, 2008
Schlagworte:
Tags: Tag hinzufügen
Keine Tags, Fügen Sie das erste Tag hinzu!

MARC

LEADER 00000ntm a22000003a 4500
001 stu198241
005 20160719160045.0
008 100115s2008----xo------------------slo-d
040 |a STU  |b slo 
041 0 |a slo 
044 |a xo 
100 1 |a Bajgart, Václav  |4 aut 
245 1 |a Návrh opatrení na zlepšenie využitia osobnej komunikácie v marketingovej praxi Slovak Telekom, a.s. = The suggestion of steps for better personal communications using in the marketing practice of Slovak Telekom :  |b Bakalárska práca 
260 |a Trnava :  |b STU v Bratislave MTF UPMK,  |c 2008 
500 |a Odbor: priemyselné inžinierstvo a manažment 
650 7 |a osobná komunikácia  |2 stusub 
650 7 |a riadenie vzťahov  |2 stusub 
700 1 |a Molnárová, Dagmar  |4 xxx  |u M190  |U MTF Materiálovotechnologická fakulta  |T MTF Katedra priemyselného inžinierstva a manažmentu  |U M190  |Y 167 
996 |b 284M072089  |c M*BP-4195  |l MMSKP  |s P  |a 0  |w stu198241_0001